[Event "Montreal Mercredi 05"]
[Site "Montreal CAN"]
[Date "2012.06.06"]
[Round "4"]
[White "Lacroix, Serge"]
[Black "Baran, Marius"]
[Result "1/2-1/2"]
[WhiteElo "1819"]
[BlackElo "1776"]
[PlyCount "126"]
[GameId "2160767909509388"]
[EventDate "2012.05.16"]
[EventType "swiss"]
[EventRounds "5"]
[EventCountry "CAN"]
[SourceTitle "EXT 2022"]
[Source "ChessBase"]
[SourceDate "2021.10.06"]
[SourceVersion "1"]
[SourceVersionDate "2021.10.06"]
[SourceQuality "1"]

1. e4 c5 2. Nf3 d6 3. d4 cxd4 4. Nxd4 Nf6 5. Nc3 g6 6. Be3 Bg7 7. Qd2 Ng4 8. Bg5 Nc6 9. Nb3 Be6 10. h3 Nge5 11. Bh6 O-O 12. Bxg7 Kxg7 13. f4 Nc4 14. Bxc4 Bxc4 15. O-O-O Bxb3 16. cxb3 Qa5 17. Qd5 Rac8 18. Qxa5 Nxa5 19. Rd5 Nc6 20. Kd2 a6 21. a3 b5 22. b4 Nb8 23. g4 Nd7 24. b3 Rc6 25. Rc1 Nf6 26. Rd4 Rfc8 27. Ne2 e5 28. Rxc6 Rxc6 29. fxe5 dxe5 30. Rd3 Nxe4+ 31. Ke3 f5 32. Rd7+ Kg8 33. Re7 Nf6 34. Rxe5 fxg4 35. h4 Kf7 36. Rc5 Re6+ 37. Kd3 Rd6+ 38. Ke3 h5 39. Rc7+ Ke6 40. Nf4+ Ke5 41. Nxg6+ Kf5 42. Ne7+ Ke6 43. Ra7 Nd7 44. Ng6 Kf5 45. Nf4 Ne5 46. Nxh5 Rd3+ 47. Ke2 Rh3 48. Rxa6 Rxh4 49. Ng3+ Kf4 50. Nf1 g3 51. Nxg3 Kxg3 52. Rb6 Nf3 53. Rg6+ Rg4 54. Rxg4+ Kxg4 55. Kd3 Kf4 56. a4 Ke5 57. axb5 Kd5 58. b6 Ne5+ 59. Kc3 Kc6 60. Kd4 Kxb6 61. Kxe5 Kb5 62. Kd4 Kxb4 63. Kd3 Kxb3 1/2-1/2

[Event "Montreal Mercredi 05"]
[Site "Montreal CAN"]
[Date "2012.06.06"]
[Round "4"]
[White "Malveau, Cedric"]
[Black "Boudreau, Daniel"]
[Result "1/2-1/2"]
[WhiteElo "1974"]
[BlackElo "1959"]
[PlyCount "126"]
[GameId "2160767909509389"]
[EventDate "2012.05.16"]
[EventType "swiss"]
[EventRounds "5"]
[EventCountry "CAN"]
[SourceTitle "EXT 2022"]
[Source "ChessBase"]
[SourceDate "2021.10.06"]
[SourceVersion "1"]
[SourceVersionDate "2021.10.06"]
[SourceQuality "1"]

1. e4 c5 2. Nc3 a6 3. g3 b5 4. Bg2 Bb7 5. d3 Nf6 6. f4 e6 7. Nf3 d5 8. exd5 exd5 9. O-O Be7 10. Ne5 h5 11. h3 Nbd7 12. Qe2 Ra7 13. Nb1 O-O 14. Nd2 Re8 15. Ndf3 Bd6 16. Bd2 Qc7 17. Rae1 d4 18. Qf2 Bxf3 19. Nxf3 Raa8 20. Ng5 Rad8 21. Rxe8+ Rxe8 22. Re1 Qd8 23. Kf1 Qb8 24. Rxe8+ Qxe8 25. Qf3 g6 26. Qc6 Qb8 27. Qxa6 h4 28. Qb7 hxg3 29. Qxb8+ Nxb8 30. Ke2 Kg7 31. Ne4 Nxe4 32. Bxe4 f5 33. Bd5 Nd7 34. Bc6 Nf6 35. Bxb5 Nh5 36. Kf3 Nxf4 37. Bxf4 Bxf4 38. Bc6 Bc7 39. a4 g5 40. Bd5 Kf6 41. Bc6 Kg6 42. Be8+ Kf6 43. Bc6 Kg6 44. Be8+ Kh6 45. a5 Bxa5 46. Kxg3 Bd2 47. Kf3 Bc1 48. b3 Kg7 49. Bc6 Kf6 50. Bd7 Ke5 51. Bc8 Kf6 52. Bd7 Bd2 53. Bc8 Ke5 54. Bd7 Ba5 55. Bc8 Bd8 56. Bd7 Be7 57. Bc8 f4 58. Bd7 Kd6 59. Bg4 Kc6 60. Ke2 Kb5 61. Kd1 Kb4 62. Bf3 Kc3 63. Bg4 Bf6 1/2-1/2

[Event "Montreal Mercredi 05"]
[Site "Montreal CAN"]
[Date "2012.06.06"]
[Round "4"]
[White "Millette, Sylvain"]
[Black "Lizotte, Michel"]
[Result "1-0"]
[WhiteElo "1665"]
[BlackElo "1553"]
[PlyCount "79"]
[GameId "2160767909509390"]
[EventDate "2012.05.16"]
[EventType "swiss"]
[EventRounds "5"]
[EventCountry "CAN"]
[SourceTitle "EXT 2022"]
[Source "ChessBase"]
[SourceDate "2021.10.06"]
[SourceVersion "1"]
[SourceVersionDate "2021.10.06"]
[SourceQuality "1"]

1. Nf3 Nf6 2. g3 e6 3. Bg2 d5 4. d4 c5 5. O-O cxd4 6. Nxd4 Bc5 7. Nf3 O-O 8. b3 Nc6 9. Bb2 Re8 10. e3 b5 11. Nd4 Qb6 12. Nxc6 Qxc6 13. Bxf6 gxf6 14. Qf3 Bf8 15. Rc1 Bg7 16. Nd2 Bb7 17. c4 Rac8 18. Qd1 Qb6 19. cxd5 exd5 20. Nf3 f5 21. Nd4 a6 22. Bh3 Qh6 23. Bxf5 Rxc1 24. Rxc1 Rxe3 25. Rc7 Qb6 26. Rxb7 Rxg3+ 27. hxg3 Qxb7 28. Qg4 Qb6 29. Nf3 h6 30. Ne5 Qd6 31. Nd3 d4 32. Nf4 Qc6 33. Nh5 Qc1+ 34. Kg2 Qg5 35. Qxg5 hxg5 36. Nxg7 Kxg7 37. Kf3 Kf6 38. Ke4 d3 39. Bg4 d2 40. Ke3 1-0

[Event "Montreal Mercredi 05"]
[Site "Montreal CAN"]
[Date "2012.06.06"]
[Round "4"]
[White "Nardone, Raul"]
[Black "Gauthier, Denis"]
[Result "1-0"]
[WhiteElo "1878"]
[BlackElo "1916"]
[PlyCount "48"]
[GameId "2160767909509391"]
[EventDate "2012.05.16"]
[EventType "swiss"]
[EventRounds "5"]
[EventCountry "CAN"]
[SourceTitle "EXT 2022"]
[Source "ChessBase"]
[SourceDate "2021.10.06"]
[SourceVersion "1"]
[SourceVersionDate "2021.10.06"]
[SourceQuality "1"]

1. e4 c5 2. Nf3 Nc6 3. d4 cxd4 4. Nxd4 e6 5. Be2 Nf6 6. Nc3 a6 7. O-O Qc7 8. Nxc6 bxc6 9. Kh1 d5 10. Bf3 Rb8 11. Re1 Be7 12. b3 O-O 13. Bb2 Rd8 14. e5 Nd7 15. a3 c5 16. Qe2 c4 17. Bxd5 exd5 18. Nxd5 Qc5 19. Nxe7+ Qxe7 20. Qxc4 Nb6 21. Qf4 Be6 22. Rad1 Rbc8 23. c4 h6 24. Rd6 Rc7 1-0

[Event "Montreal Mercredi 05"]
[Site "Montreal CAN"]
[Date "2012.06.06"]
[Round "4"]
[White "Robidas, Francois"]
[Black "Pomerantz, Daniel"]
[Result "0-1"]
[WhiteElo "1989"]
[BlackElo "1911"]
[PlyCount "56"]
[GameId "2160767909509392"]
[EventDate "2012.05.16"]
[EventType "swiss"]
[EventRounds "5"]
[EventCountry "CAN"]
[SourceTitle "EXT 2022"]
[Source "ChessBase"]
[SourceDate "2021.10.06"]
[SourceVersion "1"]
[SourceVersionDate "2021.10.06"]
[SourceQuality "1"]

1. e4 c5 2. c3 Nf6 3. e5 Nd5 4. Nf3 Nc6 5. Bc4 e6 6. O-O Be7 7. d4 cxd4 8. cxd4 d6 9. Qe2 O-O 10. Rd1 b6 11. Qe4 Bb7 12. Bd3 g6 13. Bh6 Re8 14. Nc3 Nxc3 15. bxc3 Qc7 16. Qf4 dxe5 17. dxe5 Bf8 18. Bg5 Bg7 19. Re1 Ne7 20. c4 Bxf3 21. gxf3 Nc6 22. Bf6 Bxf6 23. Qxf6 Qd8 24. Be4 Qxf6 25. exf6 Rac8 26. Rad1 Ne5 27. Bb7 Rc5 28. Ba6 Nxf3+ 0-1

[Event "Montreal Mercredi 05"]
[Site "Montreal CAN"]
[Date "2012.06.06"]
[Round "4"]
[White "Rondon, Luciano"]
[Black "Bergeron, Rene"]
[Result "1-0"]
[WhiteElo "1831"]
[BlackElo "1766"]
[PlyCount "65"]
[GameId "2160767909509393"]
[EventDate "2012.05.16"]
[EventType "swiss"]
[EventRounds "5"]
[EventCountry "CAN"]
[SourceTitle "EXT 2022"]
[Source "ChessBase"]
[SourceDate "2021.10.06"]
[SourceVersion "1"]
[SourceVersionDate "2021.10.06"]
[SourceQuality "1"]

1. d4 d5 2. c4 e6 3. Nc3 c5 4. e3 Nc6 5. Nf3 Nf6 6. cxd5 exd5 7. h3 Bf5 8. dxc5 Bxc5 9. Bd3 Bxd3 10. Qxd3 O-O 11. O-O d4 12. exd4 Nxd4 13. Bg5 h6 14. Bh4 Qd6 15. Rad1 Rfd8 16. Ne4 Qf4 17. Bxf6 Ne6 18. Bxd8 Rxd8 19. Qxd8+ Nxd8 20. Rxd8+ Kh7 21. Nxc5 Qb4 22. Nd3 Qe7 23. Rc8 Qd7 24. Rc3 b6 25. Rfc1 f6 26. Nf4 Qa4 27. Ne6 Qxa2 28. Nfd4 g5 29. Rc7+ Kg6 30. Rg7+ Kh5 31. g4+ Kh4 32. Kh2 Qxb2 33. Nf5# 1-0

[Event "Montreal Mercredi 05"]
[Site "Montreal CAN"]
[Date "2012.06.06"]
[Round "4"]
[White "Tremblay, Alain"]
[Black "Chiku-Ratte, Olivier-Kenta"]
[Result "1-0"]
[WhiteElo "2004"]
[BlackElo "2196"]
[PlyCount "105"]
[GameId "2160767909509394"]
[EventDate "2012.05.16"]
[EventType "swiss"]
[EventRounds "5"]
[EventCountry "CAN"]
[SourceTitle "EXT 2022"]
[Source "ChessBase"]
[SourceDate "2021.10.06"]
[SourceVersion "1"]
[SourceVersionDate "2021.10.06"]
[SourceQuality "1"]

1. d4 Nf6 2. c4 c5 3. d5 e6 4. Nc3 exd5 5. cxd5 d6 6. Nf3 g6 7. h3 Bg7 8. e4 a6 9. Bd3 Nbd7 10. Bf4 Qe7 11. O-O O-O 12. Re1 Nh5 13. Bh2 Ne5 14. Be2 Nf6 15. Nxe5 dxe5 16. Rc1 b5 17. Bf3 Ne8 18. Qd2 Nd6 19. b3 Bf6 20. Nd1 Bb7 21. Ne3 Rfc8 22. Qa5 h5 23. Rc2 Qc7 24. Qd2 c4 25. Rec1 Qc5 26. bxc4 bxc4 27. Nxc4 Nxc4 28. Rxc4 Qxc4 29. Rxc4 Rxc4 30. Qb2 Re8 31. g4 hxg4 32. Bxg4 Bc8 33. Qe2 Rc1+ 34. Kg2 Bxg4 35. hxg4 a5 36. Qb5 Rec8 37. Qxa5 R8c5 38. Qa7 Rc7 39. Qa3 Rc8 40. Qd6 Bg7 41. Bxe5 Bxe5 42. Qxe5 R8c2 43. a4 Rd1 44. a5 Ra2 45. Qe8+ Kg7 46. Qe5+ Kg8 47. Qc7 Rdd2 48. Qa7 Rd3 49. d6 Rad2 50. e5 Rd5 51. a6 Rxe5 52. Qb8+ Kg7 53. a7 1-0

[Event "Montreal Mercredi 05"]
[Site "Montreal CAN"]
[Date "2012.06.06"]
[Round "4"]
[White "Vien, Michel"]
[Black "Le Bas, Nicolas"]
[Result "1-0"]
[WhiteElo "1682"]
[BlackElo "1682"]
[PlyCount "92"]
[GameId "2160767909509395"]
[EventDate "2012.05.16"]
[EventType "swiss"]
[EventRounds "5"]
[EventCountry "CAN"]
[SourceTitle "EXT 2022"]
[Source "ChessBase"]
[SourceDate "2021.10.06"]
[SourceVersion "1"]
[SourceVersionDate "2021.10.06"]
[SourceQuality "1"]

1. Nf3 Nf6 2. g3 g6 3. b4 Bg7 4. Bb2 c6 5. c4 b5 6. cxb5 a5 7. bxa5 Qxa5 8. Bg2 Qxb5 9. Qc2 Ba6 10. d3 O-O 11. O-O d6 12. Nbd2 Bb7 13. Rfb1 Qa6 14. Qb3 Nbd7 15. a4 Rab8 16. Qc2 c5 17. Nc4 d5 18. Nce5 Rfc8 19. Nxd7 Nxd7 20. Bxg7 Kxg7 21. a5 e5 22. Qd2 d4 23. Rb2 f6 24. Rab1 Ba8 25. Rxb8 Rxb8 26. Rxb8 Nxb8 27. Qb2 Nd7 28. Qa3 Bd5 29. Nd2 Be6 30. Ne4 Qc6 31. h4 Bd5 32. f3 f5 33. Nd2 Kf6 34. Nc4 Qa6 35. Qa4 Ke6 36. Kf2 h5 37. Bh3 Nf6 38. Nb6 Bb7 39. Bg2 Kd6 40. Qa3 Qb5 41. Qc1 Nd5 42. Nc4+ Ke6 43. Qg5 Qe8 44. Qh6 Nc3 45. Qg7 Kd5 46. Qxb7+ Qc6 1-0

[Event "Montreal Mercredi 05"]
[Site "Montreal CAN"]
[Date "2012.06.06"]
[Round "5"]
[White "Munshi, Shawkat"]
[Black "Millette, Sylvain"]
[Result "1/2-1/2"]
[WhiteElo "1665"]
[BlackElo "1546"]
[PlyCount "96"]
[GameId "2160767909509396"]
[EventDate "2012.05.16"]
[EventType "swiss"]
[EventRounds "5"]
[EventCountry "CAN"]
[SourceTitle "EXT 2022"]
[Source "ChessBase"]
[SourceDate "2021.10.06"]
[SourceVersion "1"]
[SourceVersionDate "2021.10.06"]
[SourceQuality "1"]

1. Nf3 d5 2. e3 Nf6 3. b3 g6 4. Bb2 Bg7 5. c4 c6 6. Be2 O-O 7. O-O h6 8. d4 Be6 9. Nbd2 Qc7 10. c5 Nbd7 11. b4 Ne4 12. Ne1 a5 13. b5 Ndxc5 14. f3 Nxd2 15. Qxd2 Na4 16. Ba3 c5 17. Bxc5 Nxc5 18. Rc1 b6 19. Nd3 Rac8 20. dxc5 bxc5 21. Nxc5 Qb6 22. Nxe6 Qxe6 23. a4 Qb6 24. Kh1 e6 25. Bd3 Rfd8 26. Qe2 Rc7 27. Rxc7 Qxc7 28. Qc2 Qxc2 29. Bxc2 Rc8 30. Bd1 Kf8 31. g3 Ke7 32. Kg1 Kd6 33. Rf2 d4 34. Rd2 Rc4 35. Kf1 Kc5 36. exd4+ Bxd4 37. Rc2 Rxc2 38. Bxc2 Kc4 39. Ke2 Kc3 40. Bd1 Bg1 41. h3 Bd4 42. f4 f6 43. Kf3 f5 44. g4 e5 45. gxf5 gxf5 46. fxe5 Bxe5 47. b6 Kb4 48. Bc2 Kc5 1/2-1/2

[Event "Montreal Mercredi 05"]
[Site "Montreal CAN"]
[Date "2012.06.13"]
[Round "5"]
[White "Bergeron, Rene"]
[Black "Lacroix, Serge"]
[Result "1-0"]
[WhiteElo "1766"]
[BlackElo "1819"]
[PlyCount "108"]
[GameId "2160767909509397"]
[EventDate "2012.05.16"]
[EventType "swiss"]
[EventRounds "5"]
[EventCountry "CAN"]
[SourceTitle "EXT 2022"]
[Source "ChessBase"]
[SourceDate "2021.10.06"]
[SourceVersion "1"]
[SourceVersionDate "2021.10.06"]
[SourceQuality "1"]

1. c4 c5 2. Nc3 Nc6 3. g3 g6 4. Bg2 Bg7 5. Rb1 Rb8 6. a3 a5 7. Nf3 e5 8. d3 d6 9. Nd2 f5 10. Nb5 Nge7 11. O-O O-O 12. e3 Be6 13. b3 Qd7 14. Bb2 b6 15. Qe2 Na7 16. Nc3 b5 17. a4 bxc4 18. bxc4 e4 19. Nb5 d5 20. Bxg7 Kxg7 21. Nb3 Nxb5 22. cxb5 Qc7 23. Rfc1 c4 24. Nd4 Bf7 25. dxc4 dxc4 26. Qb2 Kg8 27. Bf1 Rfc8 28. b6 Qd7 29. Qb5 Qxb5 30. Rxb5 Nd5 31. Rxc4 Rxc4 32. Bxc4 Nxb6 33. Bxf7+ Kxf7 34. Nc6 Ra8 35. Rxb6 h5 36. Rb5 h4 37. Kg2 Rc8 38. Nxa5 Ra8 39. gxh4 Kf6 40. Kg3 Ra6 41. Kf4 Ke6 42. Rc5 Ra8 43. Kg5 Rh8 44. Rc6+ Ke5 45. Rxg6 f4 46. Nc6+ Kd5 47. exf4 e3 48. fxe3 Re8 49. Nd4 Rxe3 50. Nf5 Ra3 51. Ra6 Rh3 52. Rd6+ Ke4 53. Rd4+ Kf3 54. Rd3+ Kg2 1-0

[Event "Montreal Mercredi 05"]
[Site "Montreal CAN"]
[Date "2012.06.13"]
[Round "5"]
[White "Boudreau, Daniel"]
[Black "Nardone, Raul"]
[Result "1-0"]
[WhiteElo "1959"]
[BlackElo "1878"]
[PlyCount "45"]
[GameId "2160767909509398"]
[EventDate "2012.05.16"]
[EventType "swiss"]
[EventRounds "5"]
[EventCountry "CAN"]
[SourceTitle "EXT 2022"]
[Source "ChessBase"]
[SourceDate "2021.10.06"]
[SourceVersion "1"]
[SourceVersionDate "2021.10.06"]
[SourceQuality "1"]

1. e4 c5 2. Nf3 Nc6 3. Bb5 e6 4. Bxc6 bxc6 5. O-O Be7 6. c3 Nf6 7. Re1 d6 8. Qa4 Bd7 9. e5 dxe5 10. Nxe5 Qb6 11. Na3 O-O 12. d3 Rfd8 13. Qh4 a5 14. Nac4 Qa6 15. Bg5 Be8 16. Re3 Rd5 17. Rh3 Rad8 18. Re1 Qa7 19. Ree3 Kf8 20. Ref3 Ng8 21. Qxh7 f6 22. Qh8 Qa6 23. Rh7 1-0

[Event "Montreal Mercredi 05"]
[Site "Montreal CAN"]
[Date "2012.06.13"]
[Round "5"]
[White "Caceres Cortes, Julio"]
[Black "Tremblay, Alain"]
[Result "1/2-1/2"]
[WhiteElo "2007"]
[BlackElo "2004"]
[PlyCount "53"]
[GameId "2160767909509399"]
[EventDate "2012.05.16"]
[EventType "swiss"]
[EventRounds "5"]
[EventCountry "CAN"]
[SourceTitle "EXT 2022"]
[Source "ChessBase"]
[SourceDate "2021.10.06"]
[SourceVersion "1"]
[SourceVersionDate "2021.10.06"]
[SourceQuality "1"]

1. e4 e5 2. Nf3 Nc6 3. Bb5 Nf6 4. O-O Nxe4 5. d4 Nd6 6. Bxc6 dxc6 7. dxe5 Nf5 8. Qxd8+ Kxd8 9. Nc3 Ke8 10. h3 Ne7 11. Ne2 Ng6 12. b3 a5 13. Bb2 h6 14. Rfd1 Bd7 15. a4 Be7 16. Nd2 Rd8 17. Nc4 b6 18. Nd4 Nf4 19. Ne3 Rg8 20. Re1 g6 21. Rad1 h5 22. Nf1 Ne6 23. Ng3 Nxd4 24. Bxd4 c5 25. Bb2 Bc6 26. Rxd8+ Kxd8 27. Ne4 1/2-1/2

[Event "Montreal Mercredi 05"]
[Site "Montreal CAN"]
[Date "2012.06.13"]
[Round "5"]
[White "Chiku-Ratte, Olivier-Kenta"]
[Black "Cloutier, Mathieu"]
[Result "1-0"]
[WhiteElo "2196"]
[BlackElo "2062"]
[PlyCount "81"]
[GameId "2160767909509400"]
[EventDate "2012.05.16"]
[EventType "swiss"]
[EventRounds "5"]
[EventCountry "CAN"]
[SourceTitle "EXT 2022"]
[Source "ChessBase"]
[SourceDate "2021.10.06"]
[SourceVersion "1"]
[SourceVersionDate "2021.10.06"]
[SourceQuality "1"]

1. d4 Nf6 2. c4 c5 3. d5 b5 4. cxb5 a6 5. b6 e6 6. Nc3 Bb7 7. e4 exd5 8. exd5 d6 9. a4 Qxb6 10. a5 Qc7 11. Bc4 Be7 12. Nf3 O-O 13. O-O Nbd7 14. Re1 Rfe8 15. h3 h6 16. Bf4 Nf8 17. Bh2 Ng6 18. Bd3 Nf8 19. Bc2 c4 20. Qd4 N8d7 21. Nh4 Bf8 22. Nf5 g6 23. Ne3 Rac8 24. Ra4 Bg7 25. Qd2 Nc5 26. Rxc4 Qe7 27. b4 Ncd7 28. Rxc8 Bxc8 29. Ba4 Qf8 30. Nc4 Rxe1+ 31. Qxe1 Ne5 32. Nb6 Bf5 33. Bxe5 dxe5 34. b5 axb5 35. Bxb5 Qb4 36. a6 Qa5 37. Nc4 Qc7 38. d6 Qc5 39. Qe3 Qc8 40. a7 Qa8 41. Qb6 1-0

[Event "Montreal Mercredi 05"]
[Site "Montreal CAN"]
[Date "2012.06.13"]
[Round "5"]
[White "Gauthier, Denis"]
[Black "Robidas, Francois"]
[Result "1-0"]
[WhiteElo "1916"]
[BlackElo "1989"]
[PlyCount "45"]
[GameId "2160767909509401"]
[EventDate "2012.05.16"]
[EventType "swiss"]
[EventRounds "5"]
[EventCountry "CAN"]
[SourceTitle "EXT 2022"]
[Source "ChessBase"]
[SourceDate "2021.10.06"]
[SourceVersion "1"]
[SourceVersionDate "2021.10.06"]
[SourceQuality "1"]

1. d4 d5 2. c4 e6 3. Nc3 c5 4. cxd5 exd5 5. e4 dxe4 6. Bc4 Nf6 7. Qb3 Bd6 8. Bxf7+ Ke7 9. Bg5 Rf8 10. Nd5+ Kxf7 11. Nxf6+ c4 12. Qxc4+ Be6 13. d5 gxf6 14. dxe6+ Kg7 15. Bd2 f5 16. Bc3+ Kg6 17. Ne2 Nc6 18. O-O-O Rc8 19. g4 Ne5 20. gxf5+ Rxf5 21. Qxe4 Rc4 22. Nf4+ Kf6 23. Qxc4 1-0

[Event "Montreal Mercredi 05"]
[Site "Montreal CAN"]
[Date "2012.06.13"]
[Round "5"]
[White "Le Bas, Nicolas"]
[Black "Rondon, Luciano"]
[Result "0-1"]
[WhiteElo "1682"]
[BlackElo "1831"]
[PlyCount "122"]
[GameId "2160767909509402"]
[EventDate "2012.05.16"]
[EventType "swiss"]
[EventRounds "5"]
[EventCountry "CAN"]
[SourceTitle "EXT 2022"]
[Source "ChessBase"]
[SourceDate "2021.10.06"]
[SourceVersion "1"]
[SourceVersionDate "2021.10.06"]
[SourceQuality "1"]

1. e4 c5 2. Nf3 e6 3. d4 cxd4 4. Nxd4 Nf6 5. Nc3 d6 6. Be3 Be7 7. Qd2 Ng4 8. O-O-O Nxe3 9. Qxe3 e5 10. Nde2 Bg4 11. Kb1 Be6 12. f4 Qa5 13. Nd5 Bxd5 14. exd5 Nd7 15. Nc3 a6 16. Bc4 O-O 17. g4 Qb4 18. Qe2 Rac8 19. Bb3 Qxf4 20. h4 Nc5 21. g5 Qb4 22. a3 Qa5 23. Ne4 Nxe4 24. Qxe4 Rb8 25. c3 f5 26. gxf6 Rxf6 27. Bc2 Rh6 28. Rdg1 Bf6 29. Ka2 Rc8 30. Qf5 Qc5 31. Rg4 b5 32. Bd3 Qxd5+ 33. b3 Rxc3 34. Bc2 Qxh1 35. Qe6+ Kf8 36. Qxd6+ Be7 37. Qb8+ Kf7 38. Be4 Qh2+ 39. Rg2 Qxg2+ 40. Bxg2 Rc2+ 41. Kb1 Rxg2 42. Qxe5 Re6 43. Qh5+ Rgg6 44. Qf3+ Rgf6 45. Qh5+ Kg8 46. Qe8+ Bf8 47. Qd8 Re2 48. Qd5+ Kh8 49. Qh1 Rff2 50. Qc1 Rb2+ 51. Qxb2 Rxb2+ 52. Kxb2 Be7 53. h5 g5 54. hxg6 hxg6 55. a4 g5 56. Kc2 Kg7 57. Kd3 Kg6 58. Ke4 Kh5 59. Kf3 Kh4 60. Kg2 Kg4 61. axb5 axb5 0-1

[Event "Montreal Mercredi 05"]
[Site "Montreal CAN"]
[Date "2012.06.13"]
[Round "5"]
[White "Levkovsky, Alexandre"]
[Black "Cardin, Guillaume"]
[Result "1-0"]
[WhiteElo "2267"]
[BlackElo "2151"]
[PlyCount "97"]
[GameId "2160767909509403"]
[EventDate "2012.05.16"]
[EventType "swiss"]
[EventRounds "5"]
[EventCountry "CAN"]
[SourceTitle "EXT 2022"]
[Source "ChessBase"]
[SourceDate "2021.10.06"]
[SourceVersion "1"]
[SourceVersionDate "2021.10.06"]
[SourceQuality "1"]

1. d4 Nf6 2. c4 e6 3. Nc3 Bb4 4. e3 b6 5. Nge2 Bb7 6. a3 Bxc3+ 7. Nxc3 O-O 8. f3 d5 9. cxd5 exd5 10. Bd3 c5 11. dxc5 bxc5 12. O-O Re8 13. Na4 Nbd7 14. b4 c4 15. Bc2 Qc7 16. Qd4 Qe5 17. Rd1 Bc6 18. Rb1 a6 19. Qxe5 Rxe5 20. Kf2 Rae8 21. Nc3 g6 22. Ne2 Nb6 23. Nc3 R8e6 24. a4 Ne8 25. b5 axb5 26. axb5 Bd7 27. Ne2 Nd6 28. Nf4 Re8 29. Bb2 Nxb5 30. Bd4 Nxd4 31. exd4 R5e6 32. Nxe6 Rxe6 33. Re1 Rxe1 34. Kxe1 Na4 35. Kd2 c3+ 36. Ke3 Nb2 37. Rc1 f5 38. f4 Bb5 39. Bb3 Bc4 40. Rxc3 Kf7 41. Bxc4 Nd1+ 42. Kd2 Nxc3 43. Kxc3 dxc4 44. Kxc4 Ke6 45. d5+ Kd7 46. Kc5 Kc7 47. d6+ Kd7 48. Kd5 h6 49. h4 1-0

[Event "Montreal Mercredi 05"]
[Site "Montreal CAN"]
[Date "2012.06.13"]
[Round "5"]
[White "Lizotte, Michel"]
[Black "He, Shao Hang"]
[Result "0-1"]
[WhiteElo "1553"]
[BlackElo "1626"]
[PlyCount "58"]
[GameId "2160767909509404"]
[EventDate "2012.05.16"]
[EventType "swiss"]
[EventRounds "5"]
[EventCountry "CAN"]
[SourceTitle "EXT 2022"]
[Source "ChessBase"]
[SourceDate "2021.10.06"]
[SourceVersion "1"]
[SourceVersionDate "2021.10.06"]
[SourceQuality "1"]

1. e4 c5 2. Nc3 d6 3. d3 Nc6 4. Nd5 g6 5. g3 Bg7 6. Bg2 e6 7. Ne3 Nge7 8. Ne2 b5 9. a3 Bb7 10. O-O a5 11. c3 b4 12. axb4 axb4 13. Rxa8 Qxa8 14. Nc4 Qd8 15. f4 O-O 16. e5 dxe5 17. fxe5 Ba6 18. Nd6 Bxe5 19. Ne4 Qxd3 20. Nf4 Qxd1 21. Rxd1 bxc3 22. bxc3 c4 23. Nc5 Bb5 24. Nd7 Rd8 25. Bxc6 Nxc6 26. Ng2 Bxc3 27. Bg5 Bd4+ 28. Be3 Rxd7 29. Bxd4 Rxd4 0-1

[Event "Montreal Mercredi 05"]
[Site "Montreal CAN"]
[Date "2012.06.13"]
[Round "5"]
[White "Pomerantz, Daniel"]
[Black "Malveau, Cedric"]
[Result "1/2-1/2"]
[WhiteElo "1911"]
[BlackElo "1974"]
[PlyCount "97"]
[GameId "2160767909509405"]
[EventDate "2012.05.16"]
[EventType "swiss"]
[EventRounds "5"]
[EventCountry "CAN"]
[SourceTitle "EXT 2022"]
[Source "ChessBase"]
[SourceDate "2021.10.06"]
[SourceVersion "1"]
[SourceVersionDate "2021.10.06"]
[SourceQuality "1"]

1. e4 c5 2. Nf3 d6 3. d4 cxd4 4. Nxd4 Nf6 5. Nc3 a6 6. Bg5 e6 7. f4 Nbd7 8. Qf3 Qc7 9. O-O-O b5 10. e5 Bb7 11. Qh3 dxe5 12. Nxe6 fxe6 13. Qxe6+ Be7 14. Bxb5 axb5 15. Nxb5 Qc6 16. Nd6+ Kd8 17. Nf7+ Kc7 18. Qxe7 Rhe8 19. Qd6+ Qxd6 20. Nxd6 Re6 21. Nxb7 Kxb7 22. a3 exf4 23. Bxf4 Re2 24. Rd2 Rae8 25. b4 Nb6 26. g3 Nc4 27. Rxe2 Rxe2 28. a4 Ne4 29. Rd1 Kc6 30. c3 Nxc3 31. Rd4 Re4 32. Rxe4 Nxe4 33. Kc2 g5 34. Kd3 Kd5 35. Bc1 g4 36. a5 Ne5+ 37. Ke3 Nc6 38. a6 Nc3 39. Kf4 Nb5 40. Kxg4 Nxb4 41. Kh5 Nxa6 42. Kh6 Ke4 43. g4 Nac7 44. h4 Ne8 45. g5 Kf5 46. Kxh7 Kg4 47. Kg6 Kxh4 48. Kf7 Nbd6+ 49. Ke6 1/2-1/2

[Event "Montreal Mercredi 08"]
[Site "Montreal CAN"]
[Date "2012.08.29"]
[Round "1"]
[White "Baran, Marius"]
[Black "Gauthier, Luc"]
[Result "1/2-1/2"]
[WhiteElo "1769"]
[BlackElo "1729"]
[PlyCount "86"]
[GameId "2160767909445441"]
[EventDate "2012.08.29"]
[EventType "swiss"]
[EventRounds "5"]
[EventCountry "CAN"]
[SourceTitle "EXT 2022"]
[Source "ChessBase"]
[SourceDate "2021.10.06"]
[SourceVersion "1"]
[SourceVersionDate "2021.10.06"]
[SourceQuality "1"]

1. d4 d5 2. c4 e6 3. Nc3 c5 4. Nf3 Nc6 5. e3 Nf6 6. cxd5 exd5 7. h3 Bf5 8. Bd3 Bxd3 9. Qxd3 c4 10. Qe2 Bb4 11. O-O Bxc3 12. bxc3 Ne4 13. Bb2 O-O 14. Ne5 Re8 15. Nxc6 bxc6 16. Qc2 Re6 17. Kh2 Qc7+ 18. g3 Rg6 19. Rg1 Ng5 20. Qe2 Qd7 21. g4 Rh6 22. Rh1 Qd6+ 23. Kg2 Re8 24. f3 Rh4 25. Bc1 Re6 26. e4 Qe7 27. Bxg5 Qxg5 28. Qf2 dxe4 29. f4 e3 30. fxg5 exf2 31. Kxf2 h6 32. g6 fxg6 33. Kg3 g5 34. Raf1 Re3+ 35. Rf3 Re2 36. Rh2 Rxh2 37. Kxh2 h5 38. gxh5 g4 39. Rg3 gxh3 40. Rxh3 Re4 41. Rg3 Re2+ 42. Rg2 Re3 43. Rg3 Re2+ 1/2-1/2

[Event "Montreal Mercredi 08"]
[Site "Montreal CAN"]
[Date "2012.08.29"]
[Round "1"]
[White "Boudreau, Daniel"]
[Black "Weston, Paul"]
[Result "1/2-1/2"]
[WhiteElo "1933"]
[BlackElo "1912"]
[PlyCount "81"]
[GameId "2160767909445442"]
[EventDate "2012.08.29"]
[EventType "swiss"]
[EventRounds "5"]
[EventCountry "CAN"]
[SourceTitle "EXT 2022"]
[Source "ChessBase"]
[SourceDate "2021.10.06"]
[SourceVersion "1"]
[SourceVersionDate "2021.10.06"]
[SourceQuality "1"]

1. e4 e5 2. Bc4 Nc6 3. Nf3 Be7 4. O-O d6 5. c3 Nf6 6. Re1 O-O 7. d4 Bg4 8. d5 Nb8 9. Nbd2 a5 10. Nf1 Re8 11. Ne3 Bd7 12. Nf5 Bf8 13. Bg5 h6 14. Bc1 Kh7 15. Bb3 g6 16. Ng3 Bg7 17. h3 Ng8 18. Bc2 Bc8 19. Be3 Nd7 20. Qd2 Nf8 21. Nh2 Bd7 22. c4 b6 23. Re2 Qc8 24. Rf1 Ne7 25. f4 f5 26. fxe5 Bxe5 27. Rf3 fxe4 28. Nxe4 Nf5 29. Ng4 Nxe3 30. Nef6+ Kh8 31. Nxe8 Qxe8 32. Qxe3 Bxg4 33. Qxh6+ Kg8 34. hxg4 Bd4+ 35. Kh1 Qxe2 36. Rxf8+ Rxf8 37. Qxg6+ Bg7 38. Qh7+ Kf7 39. Qg6+ Kg8 40. Qh7+ Kf7 41. Qg6+ 1/2-1/2